000
00332nam a22001457a 4500
003
OSt
005
20160727222459.0
008
160705b xxu||||| |||| 00| 0 eng d
040
_c
TEST
100
_9
2247
_a
Hemalatha
245
_a
Mahagiri
260
_a
N.D
_b
Children Books Trust
_c
2002
300
_a
Mahagiri
942
_2
ddc
_c
BK
999
_c
1935
_d
1935